00574 2200217 4500001002100000005001500021035002000036245006400056100001000120250001000130300002400140700001200164700001700176260004900193082001100242084001700253020002200270650000900292008004100301990001400342INLIS00000000000204720260428092456 a0010-04260000461 aTeknologi Budidaya Padi Rakit Apung di Lahan Danau /cRamli0 aRamli aCet I a63 hlm. ;c20,5 cm.0 aRachmat0 aAhmadi Ramli aSumatera Barat :bAzzia Karya Bersama,c2026 a633.18 a633.18 RAM t a978-634-7617-14-9 4aPadi260428 0 ind  a202600040